01473nmc a2200445 a 4500003000900000005001700009008004100026020001800067040001300085245010000098260006900198300001500267490002100282500006200303500005000365504005000415600002100465600002200486600003200508600001700540600003100557600001900588600002100607600002700628600001800655650003100673650002400704650001200728650002200740650001500762653002000777655001500797700003000812700002600842700003400868700003000902700003300932700003100965800003100996AR-BaBNM20251128204349.0077019s1992 ||||||||||||||000 | spa|| a950-737-094-X cAR-BaBNM10aAlicia en el país de las pesadillas y otros poemasbmárgenes de la poesía latinoamericana aBuenos AiresbCoquena Grupo EditorbLibros del Quirquinchoc19920 a95 p.bil. 0aLibros para nada0 aContiene índice alfabético de los autores y sus obras0 aIndice general de la obras indicado por autor aBibliografía sobre poesía latinoamericana14aBenedetti, Mario14aCardenal, Ernesto14aAndrade, Carlos Drummond de14aGelman, Juan14aGonzález Tuñon, Raúl14aParra, Nicanor14aVilariño, Idea14aPacheco, José Emilio14aZamora, Daisy 4aLITERATURA LATINOAMERICANA 4aLITERATURA INFANTIL 4aPOESIAS 4aLIBROS PARA NINOS 4aANTOLOGIAS 0aPOESIA INFANTIL aLITERATURA1 aPorrúa, Anaecompilador1 aStok, Anaeilustrador1 aSocolovsky, Paulaeilustrador1 aPollini, Luiseilustrador1 aPereyra, Ricardoeilustrador1 aSapia, Armandoeilustrador1 aBombini, Gustavoedirector